000
00349nam a2200157Ia 4500
008
130318s9999 xx 000 0 und d
020
_a
9788120343290
082
_a
512 ART/A
100
_a
Artin, Michael
245
_a
Algebra
250
_a
2
260
_b
PHI Learning
_a
New Delhi
_c
2011
300
_a
543
650
_a
METRIX
650
_a
SYMMETRY
999
_c
2348
_d
2348